LEADER 01811nam0 2200289 i 450 001 VAN0090767 005 20221121111302.624 010 $a978-90-902025-2-5 100 $a20120828d2006 |0itac50 ba 101 $aeng$aDUT 102 $aNL 105 $a|||| ||||| 200 1 $aBayesian visual surveillance$efrom object detection to distributed cameras$eacademish proefschrift ter verkrijging van de graad van doctor aan de Universieit van Amsterdam op gezag van de rector magnificus prof. mr. P. F. van der Heijden ten overstaan van een door het college voor promoties ingestelde commissie, in het openbaar te verdedigen in de aula der Universiteit op dinsdag 17 januari 2006, te 12:00 uur$fWojciech Piotr Zajdel 210 $a[Amsterdam]$c[s. n.]$d2006 215 $a126 p.$cill.$d24 cm 300 $aUniversiteit van Amsterdam, Faculteit der Natuurwetenschappen, Wiskunde en Informatica. - Tesi di dottorato 410 1$1001VAN0090768$12001 $aASCI dissertation series$1210 $aDelft$c[s.n.].$v119 606 $a68U10$xComputing methodologies for image processing [MSC 2020]$3VANC019978$2MF 620 $dAmsterdam$3VANL001716 700 1$aZajdel$bWojciech Piotr$3VANV073624$4727$0722767 801 $aIT$bSOL$c20221125$gRICA 856 4 $u/sebina/repository/catalogazione/documenti/Zajdel - Bayesian visual surveillance. from object detection to distributed cameras.pdf$zZajdel - Bayesian visual surveillance. from object detection to distributed cameras.pdf 899 $aBIBLIOTECA DEL DIPARTIMENTO DI MATEMATICA E FISICA$1IT-CE0120$2VAN08 912 $aVAN0090767 950 $aBIBLIOTECA DEL DIPARTIMENTO DI MATEMATICA E FISICA$d08PREST 68-XX 4959 $e08 7507 I 20120828 996 $aBayesian visual surveillance$91409725 997 $aUNISOB LEADER 00783nam a22002295i 4500 001 991003308219707536 008 030520s1997 it 000 0 ita d 020 $a8839204229 035 $ab12408372-39ule_inst 040 $aDip.to Studi Giuridici$bita 082 0 $a330.01 100 1 $aPiana, Giannino$0257534 245 10$aEconomia ed etica /$cGiannino Piana 260 $aUrbino :$bQuattro venti,$c1997 300 $a46 p. ;$c19 cm 440 3$aIl nuovo leopardi ;$v53 907 $a.b12408372$b21-09-06$c28-10-03 912 $a991003308219707536 945 $aLE027 330.01 PIA01.01$g1$i2027000044382$lle027$o-$pE3.62$q-$rl$s- $t0$u1$v0$w1$x0$y.i12823168$z29-10-03 996 $aEconomia ed etica$9167769 997 $aUNISALENTO 998 $ale027$b28-10-03$cm$da $e-$fita$git $h0$i1